| 000 | 00403 a2200145 4500 | ||
|---|---|---|---|
| 999 |
_c667 _d667 |
||
| 020 | _a9781779222152 | ||
| 050 | _aDT20 RAN 2006 | ||
| 100 | _aRanger,Terence | ||
| 245 |
_aAn engagement with African Nationalism/ _cTerence, Ranger |
||
| 264 |
_aHarare: _bWeaver Press, _c2006 |
||
| 300 | _a206p. | ||
| 500 | _aincludes index | ||
| 650 | _aAfrican People's Union------Zimbabwe | ||
| 942 |
_2lcc _cBK _h20 _iRAN _kDT |
||